| 000 | | | 03843nmc2a22002413x 450 |
| 001 | | | a34895d0-58eb-4e2b-94c5-60efcb253922 |
| 005 | | | 20230909043922.0 |
| 100 | ## | $a | 20230511l18581858k l0rusy0189 ca |
| 101 | 0# | $a | rus |
| 102 | ## | $a | RU |
| 105 | ## | $a | y### |
| 122 | 2# | $a | d |
| 200 | 1# | $a | Дело со сведениями о помещичьих имениях Верейского уезда Московской губернии, составленные для выработки Положения об освобождении крестьян от крепостной зависимости |
| | $j | 1858 г. |
| 215 | ## | $a | 206 л. |
| | $d | 36,5х26 см |
| 251 | ## | $c | Дело |
| 300 | ## | $a | Граф Дмитрий Николаевич Шереметев и его семья. Материалы, связанные с участием Д.Н. Шереметева в выработке проекта Положения 19 февраля 1861 года; дела об участии его в дворянских выборах |
| 371 | ## | $a | Документ не является опубликованным и широко распространяемым |
| 461 | #0 | $1 | 00198b93a77-94f0-46bb-a7e0-b5027cc72a67 |
| | $1 | 2001 |
| | $a | Шереметевы, графы |
| | $1 | 251 |
| | $c | Фонд |
| | $1 | 852 |
| | $j | 1088 |
| 462 | #0 | $1 | 001d3ce280e-361b-49f4-86d2-e1a120f828b4 |
| | $1 | 2001 |
| | $a | Личные документы, переписка и документы, связанные со служебной и общественной деятельностью графов Бориса Петровича, Петра Борисовича, Николая Петровича и Дмитрия Шереметевых |
| | $1 | 251 |
| | $c | Опись |
| | $1 | 852 |
| | $j | 1 |
| 801 | #0 | $a | RU |
| | $b | РГИА |
| | $c | 20230511 |
| | $g | RCR |
| 801 | #1 | $a | RU |
| | $b | ГлавНИВЦ |
| | $c | 20230511 |
| | $2 | rusmarc |
| 801 | #2 | $a | RU |
| | $b | ПБ им. Б.Н. Ельцина |
| | $c | 20230909 |
| | $g | RCR |
| | $2 | rusmarc |
| 850 | ## | $a | РГИА |
| 852 | ## | $a | РГИА |
| | $e | Федеральное казенное учреждение "Российский государственный исторический архив" (РГИА) |
| | $j | 680 |
| 937 | ## | $h | РГИА |
| | $d | 12399690 |
| | $a | ASBIBLIO_SCAN |
| 035 | ## | $a | RusGRCC00060187 |
| 856 | ## | $u | http://readingroom.main.prlib.ru/item.aspx?id_node=n187455350&mode=full |